000 00970nam a2200217 i 4500
001 181228
003 ES-MaACL
005 20250812224327.0
008 121105s1921 sp |||| | spa d
080 _a51 Ciruelo, Pedro
100 1 _aLorente Pérez, José María.
_974121
245 1 0 _aBiografía y análisis de las obras de matemática pura de Pedro Sánchez Ciruelo /
_cpor José María Lorente y Pérez.
260 _aMadrid :
_bJunta para Ampliación de Estudios e Investigaciones Científicas,
_c1921.
300 _aP. [263]-349 ;
_c23 cm.
490 1 _aPublicaciones del Laboratorio y Seminario Matemático ;
_vt. 3. Memoria 5ª
600 1 4 _aCiruelo, Pedro.
_9151795
710 2 _aJunta para la Ampliación de Estudios e Investigaciones Científicas.
_95413
830 0 0 _aPublicaciones del Laboratorio y Seminario Matemático
_vt. 3. Memoria 5ª
_9191411
852 _aES-MaACL
_jB-13178(5)
_z.- Enc. en vol. facticio
999 _c181228
_d181228